Т. 1: Разрушение и дилатансия. Нефть и газ; Геомеханика
| Parent link: | Геомеханика: собрание трудов/ В. Н. Николаевский. Т. 1: Разрушение и дилатансия. Нефть и газ.— , 2010 |
|---|---|
| Riassunto: | Два тома трудов содержат оригинальные научные публикации в ведущих отечественных журналах. Статьи дают единое изложение современного состояния соответствующих 20 разделов науки о Земле и намечают дальнейшие научные исследования. Предлагаются нетривиальные дополнения к механике сплошных сред. Во втором томе изучается природная трещиноватость земной коры в целом, основанная на испытаниях горных пород на разрушение при высоких давлениях и температурах. Теория подтверждена всем комплексом глубинного сейсмического прозвучивания и электроразведки и соответствует представлениям В. И. Вернадского о роли воды в геологии. Дано единое объяснение реологической слоистости коры, волноводов как пористых включений и листрических разломов. Приведен критический разбор явлений при землетрясении, причем изменения скоростей сейсмических волн увязаны с дилатансионными трещинами предразрушения. Обсуждается существование тектонических волн и эффекты ползучести горных массивов. Большой раздел относится к нелинейным эффектам сейсмических волн. Реальное затухание объяснено сухим трением, рассмотрены внутренние резонансы фрагментированной породы, существование доминантных частот и изменения спектров. В разделе, относящемся к турбулентности, дана мезомасштабная теория, учитывающая инерцию вращения вихря. Теория привела к успешным расчетам циркуляции вод океана и зарождения реального торнадо. Для физиков, механиков и математиков, желающих внести свой вклад в геологию, геофизику недр Земли, динамику атмосферы и океана, а также для инженеров и студентов университетов по направлениям горного дела, математической физики, сейсмологии, механики и метеорологии. |
| Lingua: | russo |
| Pubblicazione: |
2010
|
| Soggetti: | |
| Natura: | MixedMaterials Libro |
| KOHA link: | https://koha.lib.tpu.ru/cgi-bin/koha/opac-detail.pl?biblionumber=193695 |
MARC
| LEADER | 00000nam2a2200000 4500 | ||
|---|---|---|---|
| 001 | 193695 | ||
| 005 | 20231101224516.0 | ||
| 010 | |a 9785939727785 | ||
| 035 | |a (RuTPU)RU\TPU\book\211242 | ||
| 035 | |a RU\TPU\book\211241 | ||
| 090 | |a 193695 | ||
| 100 | |a 20110328d2010 k y0rusy50 ca | ||
| 101 | 0 | |a rus | |
| 102 | |a RU | ||
| 105 | |a y z 001zy | ||
| 200 | 0 | |a Т. 1: Разрушение и дилатансия. Нефть и газ | |
| 210 | |d 2010 | ||
| 215 | |a 640 с. | ||
| 320 | |a Библиогр. в конце ст. | ||
| 330 | |a Два тома трудов содержат оригинальные научные публикации в ведущих отечественных журналах. Статьи дают единое изложение современного состояния соответствующих 20 разделов науки о Земле и намечают дальнейшие научные исследования. Предлагаются нетривиальные дополнения к механике сплошных сред. Во втором томе изучается природная трещиноватость земной коры в целом, основанная на испытаниях горных пород на разрушение при высоких давлениях и температурах. Теория подтверждена всем комплексом глубинного сейсмического прозвучивания и электроразведки и соответствует представлениям В. И. Вернадского о роли воды в геологии. Дано единое объяснение реологической слоистости коры, волноводов как пористых включений и листрических разломов. Приведен критический разбор явлений при землетрясении, причем изменения скоростей сейсмических волн увязаны с дилатансионными трещинами предразрушения. Обсуждается существование тектонических волн и эффекты ползучести горных массивов. Большой раздел относится к нелинейным эффектам сейсмических волн. Реальное затухание объяснено сухим трением, рассмотрены внутренние резонансы фрагментированной породы, существование доминантных частот и изменения спектров. В разделе, относящемся к турбулентности, дана мезомасштабная теория, учитывающая инерцию вращения вихря. Теория привела к успешным расчетам циркуляции вод океана и зарождения реального торнадо. Для физиков, механиков и математиков, желающих внести свой вклад в геологию, геофизику недр Земли, динамику атмосферы и океана, а также для инженеров и студентов университетов по направлениям горного дела, математической физики, сейсмологии, механики и метеорологии. | ||
| 461 | 1 | |0 (RuTPU)RU\TPU\book\211737 |t Геомеханика |o собрание трудов |o в 2 т. |f В. Н. Николаевский |v Т. 1: Разрушение и дилатансия. Нефть и газ |d 2010 |s Современные нефтегазовые технологии | |
| 606 | 1 | |a Геомеханика глубинная |2 stltpush |3 (RuTPU)RU\TPU\subj\6195 |9 34132 | |
| 610 | 1 | |a геоматериалы | |
| 610 | 1 | |a дилатансия | |
| 610 | 1 | |a взрыв | |
| 610 | 1 | |a ударные адиабаты | |
| 610 | 1 | |a волны | |
| 610 | 1 | |a разрушения | |
| 610 | 1 | |a трещины | |
| 610 | 1 | |a пористые геоматериалы | |
| 610 | 1 | |a вибронефть | |
| 610 | 1 | |a добыча | |
| 610 | 1 | |a нефть | |
| 610 | 1 | |a скважины | |
| 610 | 1 | |a устойчивость | |
| 610 | 1 | |a газоконденсат | |
| 610 | 1 | |a миграция | |
| 610 | 1 | |a углеводороды | |
| 610 | 1 | |a дисперсия | |
| 610 | 1 | |a потоки | |
| 610 | 1 | |a пористые среды | |
| 610 | 1 | |a флюиды | |
| 610 | 1 | |a газ | |
| 675 | |a 622.831 |v 3 | ||
| 801 | 1 | |a RU |b 63413507 |c 20110328 | |
| 801 | 2 | |a RU |b 63413507 |c 20140911 |g RCR | |
| 942 | |c BK | ||